01419nam a2200385 i 450000100060000000300080000600500170001400600190003100700150005000800410006502000180010602000260012403500220015004000310017205000210020308000100022408200140023410000260024824500900027426400460036430000410041033600310045133700330048233800430051558800830055859001620064165000280080365000230083165000300085465000240088465500270090879700180093585600630095399900170101651854FINmELB20241216232338.0m o u cr cn|||||||||201228s2020 ag o 000 0 spa d z9789878358284 a9789878358291qe-book a(OCoLC)1230506766 aFINmELBbspaerdacFINmELB14aJC330bE849 2020 a316.404a303.32231 aEtkin, Jorge Ricardo.10aPolítica, ideología y poder :baplicados a organizaciones /cJorge Ricardo Etkin. 1aBuenos Aires :bEdiciones Granica,c2020. a1 recurso en línea (308 páginas) atextobtxt2rdacontent/spa acomputadorabc2rdamedia/spa arecurso en líneabcr2rdacarrier/spa aDescripción basada en metadatos suministrados por el editor y otras fuentes. aRecurso electrónico. Santa Fe, Arg.: elibro, 2019. Disponible vía World Wide Web. El acceso puede estar limitado para las bibliotecas afiliadas a elibro. 0aPower (Social Sciences) 0aPolitical science. 4aPoder (Ciencias sociales) 4aCiencia política. 4aLibros electrónicos.2 aelibro, Corp.40uhttps://elibro.net/ereader/politecnicointernacional/151240 c51854d51854